| 000 | 00848nas a2200265 4500 | ||
|---|---|---|---|
| 001 | BR0304658 | ||
| 003 | BR-BrBNA | ||
| 005 | 20231205104048.0 | ||
| 007 | ta | ||
| 008 | 230509b bl.|||p| |||| 00| 00por d | ||
| 040 |
_aBR-BrBNA _bpor _cBiblioteca Nacional de Agricultura |
||
| 041 | _a(Pt) | ||
| 072 | _aF01 | ||
| 100 | 1 | _aBarni, N.A. | |
| 100 | 1 | _aMatzenauer, R. | |
| 245 | 1 | _aAmpliação do calendário de semeadura da soja no Rio Grande do Sul pelo uso de cultivares adaptados aos distintos ambientes | |
| 650 | _aSOJA | ||
| 650 | _aÉPOCA DE SEMEADURA | ||
| 650 | _aUMIDADE DO SOLO | ||
| 650 | _aTEMPERATURA DO SOLO | ||
| 650 | _aRIO GRANDE DO SUL | ||
| 773 | 0 |
_tPesquisa Agropecuária Gaúcha (Brazil) _xISSN 0104-9070 _g(2000), v. 6(2) p. 189-203 _wBR0304658 |
|
| 909 |
_a202311 _bLúcia _c55 _dLúcia Elande |
||
| 942 |
_2AGRIS _n0 _cANA |
||
| 999 |
_c176140 _d176140 |
||